| 000 | 01376nam a2200265Ia 4500 | ||
|---|---|---|---|
| 999 |
_c54732 _d54732 |
||
| 001 | 21799 | ||
| 003 | GE_BSU | ||
| 005 | 20220517165326.0 | ||
| 008 | 181216s2016||||ge |||||||||||||| ||geo|| | ||
| 020 | _a9789941466861 | ||
| 040 | _cGE_BSU | ||
| 041 | _ageo | ||
| 080 | _a821.133.1-31 ლე-34 | ||
| 100 |
_a ლე კლეზიო, ჟან-მარი გუსტავ _913766 |
||
| 245 |
_aოქმი : _b[რომანი] / _cჟან-მარი გუსტავ ლე კლეზიო ; ფრანგულიდან თარგმნა ვლადიმერ რაქვიაშვილმა ; რედაქტორი სერგო წურწუმია. |
||
| 264 |
_aთბილისი : _bინტელექტი, _c2016. |
||
| 300 |
_a251 გვ. ; _c20 სმ. |
||
| 500 | _aწიგნი გამოიცა ფრანგული ინსტიტუტის საგამომცემლო დახმარების პროგრამის ხელშეწყობით | ||
| 541 | _h5 ლ. | ||
| 653 | _aოქმი | ||
| 653 | _aრომანი | ||
| 700 |
_aრაქვიაშვილი, ვლადიმერ _eმთარგმნელი _911750 |
||
| 700 |
_aწურწუმია, სერგო _eრედაქტორი _913767 |
||
| 942 |
_cBK _2udc |
||